| 000 | 00818nam a22002412 4500 | ||
|---|---|---|---|
| 001 | 0000024056 | ||
| 005 | 20151217152255.0 | ||
| 008 | 130509s xx 000 0 eng d | ||
| 020 | _a3540644261 : | ||
| 040 |
_aKABU _cKABU |
||
| 245 | 1 | 0 |
_aCreation and transfer of knowledge : _binstitutions and incentives / _cG. Barba Navaretti ... [et al.]. |
| 250 | _a1st ed. | ||
| 260 |
_aNew York : _bSpringer, _c1998. |
||
| 300 | _a311 p. | ||
| 650 | 0 |
_aOrganizational learning. _@0000150852 |
|
| 650 | 0 |
_aEconomic development. _@0000150073 |
|
| 650 | 0 |
_aTechnology transfer. _@0000156090 |
|
| 700 | 1 |
_aNavaretti, G. Barba. _@0000183972 |
|
| 852 | 1 | _9p12870 KES | |
| 852 | 1 | _9p12870 KES | |
| 908 | _a130509 | ||
| 950 | _@1 | ||
| 999 |
_c10157 _d10157 |
||